डॉ. भीमराव अम्बेडकर / (Record no. 191169)

MARC details
000 -LEADER
fixed length control field 00822nam a22001937a 4500
005 - DATE AND TIME OF LATEST TRANSACTION
control field 20220822144002.0
010 ## - LCCN (DPL NO)
LC control number HIN-124114
020 ## - INTERNATIONAL STANDARD BOOK NUMBER
International Standard Book Number 9788188790159
Terms of availability 595.00
035 ## - SYSTEM CONTROL NUMBER
System control number HN-96460
037 ## - SOURCE OF ACQUISITION
Source of stock number/acquisition DBAD/PUB
082 ## - DEWEY DECIMAL CLASSIFICATION NUMBER
Classification number 920
100 ## - MAIN ENTRY--PERSONAL NAME
Personal name मनोज कुमार
245 ## - TITLE STATEMENT
Title डॉ. भीमराव अम्बेडकर /
Statement of responsibility, etc मनोज कुमार एवं रवि रंजन
260 ## - PUBLICATION, DISTRIBUTION, ETC. (IMPRINT)
Place of publication, distribution, etc दिल्ली
Name of publisher, distributor, etc कल्पना प्रकाशन
Date of publication, distribution, etc 2018
270 ## - ADDRESS
Address बी-1770, जहाँगीर पुरी(नजदीक स्टेट बैंक ऑफ इण्डिया)
City दिल्ली
Postal code 110033
300 ## - PHYSICAL DESCRIPTION
Extent 204पृ
Dimensions 22सेमी (सजिल्द)
700 ## - ADDED ENTRY--PERSONAL NAME
Personal name रवि रंजन
9 (RLIN) 22362
942 ## - ADDED ENTRY ELEMENTS (KOHA)
Source of classification or shelving scheme Dewey Decimal Classification
Item type Hindi Books
Call number suffix मनोज
Classification part 920
Holdings
Withdrawn status Lost status Not for loan Collection code Home library Current library Date acquired Source of acquisition Cost, normal purchase price Full call number Barcode Copy number Cost, replacement price Koha item type
      Non-fiction Ashok Vihar Ashok Vihar 22/08/2022 DBAD/PUB 595.00 920 मनोज HN-96460 1 595.00 Hindi Books

© Delhi Public Library
Hit Counter
free hit counter